000 00215nam a2200085 4500
001 1255309
005 20251209114004.0
245 _aEGE KIYILARINDAN ESKİ ZAMAN MASALLARI
_cAHMET ÜNVER
260 _bGÜNIŞIĞI YAYINLARI
999 _c1255309
_d1255309